<?xml version="1.0" encoding="UTF-8"?>
<record
    xmlns:xsi="http://www.w3.org/2001/XMLSchema-instance"
    xsi:schemaLocation="http://www.loc.gov/MARC21/slim http://www.loc.gov/standards/marcxml/schema/MARC21slim.xsd"
    xmlns="http://www.loc.gov/MARC21/slim">

  <leader>01231nam a22002537a 4500</leader>
  <controlfield tag="005">20170124103152.0</controlfield>
  <datafield tag="010" ind1=" " ind2=" ">
    <subfield code="a">B-145026</subfield>
  </datafield>
  <datafield tag="020" ind1=" " ind2=" ">
    <subfield code="c">150.00</subfield>
    <subfield code="a">8188093343</subfield>
  </datafield>
  <datafield tag="035" ind1=" " ind2=" ">
    <subfield code="a">B-145026</subfield>
  </datafield>
  <datafield tag="037" ind1=" " ind2=" ">
    <subfield code="b">Cen Lib/Ret</subfield>
  </datafield>
  <datafield tag="040" ind1=" " ind2=" ">
    <subfield code="a">DPL</subfield>
    <subfield code="b">HN</subfield>
  </datafield>
  <datafield tag="082" ind1=" " ind2=" ">
    <subfield code="a">812</subfield>
    <subfield code="b">&#x939;&#x930;&#x93F;&#x930;&#x93E;</subfield>
  </datafield>
  <datafield tag="100" ind1=" " ind2=" ">
    <subfield code="a">&#x939;&#x930;&#x93F;&#x930;&#x93E;&#x92E; &#x906;&#x91A;&#x93E;&#x930;&#x94D;&#x92F; </subfield>
    <subfield code="9">88162</subfield>
  </datafield>
  <datafield tag="245" ind1=" " ind2=" ">
    <subfield code="a">&#x938;&#x902;&#x938;&#x94D;&#x915;&#x943;&#x924; &#x928;&#x93E;&#x91F;&#x94D;&#x92F; : &#x92A;&#x94D;&#x930;&#x938;&#x94D;&#x924;&#x941;&#x924;&#x93F; &#x92A;&#x915;&#x94D;&#x937; :</subfield>
    <subfield code="c">&#x939;&#x930;&#x93F;&#x930;&#x93E;&#x92E; &#x906;&#x91A;&#x93E;&#x930;&#x94D;&#x92F; </subfield>
    <subfield code="b">&#x930;&#x93E;&#x91C;&#x938;&#x94D;&#x925;&#x93E;&#x928; &#x938;&#x928;&#x94D;&#x926;&#x930;&#x94D;&#x92D; /</subfield>
  </datafield>
  <datafield tag="246" ind1=" " ind2=" ">
    <subfield code="a">Sanskrit natye : prastuti paksh : Rajasthan sandarbh /</subfield>
    <subfield code="b">by Hariram Acharya </subfield>
  </datafield>
  <datafield tag="260" ind1=" " ind2=" ">
    <subfield code="a">&#x91C;&#x92F;&#x92A;&#x941;&#x930; </subfield>
    <subfield code="b">&#x91C;&#x935;&#x93E;&#x939;&#x930; &#x915;&#x932;&#x93E;-&#x915;&#x947;&#x902;&#x926;&#x94D;&#x930;  </subfield>
    <subfield code="c">2005</subfield>
  </datafield>
  <datafield tag="270" ind1=" " ind2=" ">
    <subfield code="b">&#x91C;&#x92F;&#x92A;&#x941;&#x930; </subfield>
    <subfield code="a">&#x91C;&#x935;&#x93E;&#x939;&#x930;&#x932;&#x93E;&#x932; &#x928;&#x947;&#x939;&#x930;&#x941; &#x92E;&#x93E;&#x930;&#x94D;&#x917; </subfield>
  </datafield>
  <datafield tag="300" ind1=" " ind2=" ">
    <subfield code="a">117&#x92A;&#x943;. :</subfield>
    <subfield code="c">20&#x938;&#x947;&#x92E;&#x940;(&#x938;&#x91C;&#x93F;&#x932;&#x94D;&#x926;)</subfield>
    <subfield code="b">&#x938;&#x91A;&#x93F;&#x924;&#x94D;&#x930; </subfield>
  </datafield>
  <datafield tag="650" ind1=" " ind2=" ">
    <subfield code="a">&#x939;&#x93F;&#x928;&#x94D;&#x926;&#x940; -- &#x938;&#x93E;&#x939;&#x93F;&#x924;&#x94D;&#x92F; </subfield>
    <subfield code="9">88163</subfield>
  </datafield>
  <datafield tag="650" ind1=" " ind2=" ">
    <subfield code="a">&#x939;&#x93F;&#x928;&#x94D;&#x926;&#x940; -- &#x938;&#x902;&#x938;&#x94D;&#x915;&#x943;&#x924; &#x928;&#x93E;&#x91F;&#x915; &#x914;&#x930; &#x92D;&#x93E;&#x930;&#x924;&#x940;&#x92F; &#x930;&#x902;&#x917;&#x92E;&#x902;&#x91A; </subfield>
    <subfield code="9">88164</subfield>
  </datafield>
  <datafield tag="650" ind1=" " ind2=" ">
    <subfield code="a">Hindi literature</subfield>
    <subfield code="9">88165</subfield>
  </datafield>
  <datafield tag="650" ind1=" " ind2=" ">
    <subfield code="a">Hindi - Sanskrit drama and the theater</subfield>
    <subfield code="9">88166</subfield>
  </datafield>
  <datafield tag="942" ind1=" " ind2=" ">
    <subfield code="2">ddc</subfield>
    <subfield code="c">HN</subfield>
    <subfield code="h">812</subfield>
    <subfield code="m">&#x939;&#x930;&#x93F;&#x930;&#x93E;</subfield>
  </datafield>
  <datafield tag="999" ind1=" " ind2=" ">
    <subfield code="c">120032</subfield>
    <subfield code="d">120032</subfield>
  </datafield>
  <datafield tag="952" ind1=" " ind2=" ">
    <subfield code="0">0</subfield>
    <subfield code="1">0</subfield>
    <subfield code="4">0</subfield>
    <subfield code="7">0</subfield>
    <subfield code="a">L</subfield>
    <subfield code="b">L</subfield>
    <subfield code="d">2015-09-19</subfield>
    <subfield code="e">Cen Lib/Ret</subfield>
    <subfield code="g">150.00</subfield>
    <subfield code="l">0</subfield>
    <subfield code="o">812 &#x939;&#x930;&#x93F;&#x930;&#x93E;</subfield>
    <subfield code="p">B-145026</subfield>
    <subfield code="r">2015-09-19 00:00:00</subfield>
    <subfield code="t">1</subfield>
    <subfield code="v">150.00</subfield>
    <subfield code="w">2015-09-19</subfield>
    <subfield code="y">HN</subfield>
  </datafield>
</record>
